000 00300nam a22001457a 4500
008 210224b ||||| |||| 00| 0 eng d
020 _a0306433613
041 _aeng
080 _a61
082 _a61
100 _a3
101 _aSHM
245 _aMedical Virology 8
_cMaza,L.M
942 _2udc
_cBK
999 _c55152
_d55152